Data processing in Japan

Shranjeno v:
Bibliografske podrobnosti
Glavni avtor: Welke, H. J.
Format: Knjiga
Jezik:Undetermined
Izdano: Amsterdam North - Holland Publishing Company 1982
Teme:
Oznake: Označite
Brez oznak, prvi označite!
Thư viện lưu trữ: Trung tâm Học liệu Trường Đại học Cần Thơ
LEADER 00515nam a2200193Ia 4500
001 CTU_82962
008 210402s9999 xx 000 0 und d
082 |a 001.64 
082 |b W438 
100 |a Welke, H. J. 
245 0 |a Data processing in Japan 
245 0 |c H. J. Welke 
260 |a Amsterdam 
260 |b North - Holland Publishing Company 
260 |c 1982 
650 |a Electronic processing 
650 |z Japan 
904 |i Qhieu(sửa) 
980 |a Trung tâm Học liệu Trường Đại học Cần Thơ